<?xml version="1.0" encoding="UTF-8"?>
<collection xmlns="http://www.loc.gov/MARC21/slim">
<record>
  <controlfield tag="001">8040</controlfield>
  <controlfield tag="005">20260227160513.0</controlfield>
  <datafield tag="037" ind1=" " ind2=" ">
    <subfield code="a">POSTER-2026-0061</subfield>
  </datafield>
  <datafield tag="100" ind1=" " ind2=" ">
    <subfield code="a">Kalugodu, Chandrashekhar</subfield>
  </datafield>
  <datafield tag="245" ind1=" " ind2=" ">
    <subfield code="a">Reconstruction of the Sunspot Number Series: Gathering Data</subfield>
  </datafield>
  <datafield tag="260" ind1=" " ind2=" ">
    <subfield code="c">2025</subfield>
  </datafield>
  <datafield tag="269" ind1=" " ind2=" ">
    <subfield code="c">2025-12-16</subfield>
  </datafield>
  <datafield tag="520" ind1=" " ind2=" ">
    <subfield code="a">The Sunspot Number ($S_{N}$) is one of the longest continuous records of solar activity. $S_{N}$ V2.0 significantly improved the historical series through targeted recalibrations, but recent studies have shown that some scale changes—such as the 1849 transition—can only be fully understood by returning to the original raw observations. This motivates a complete reconstruction ($S_{N}$ V3.0) in which uncertainties and calibration steps arise directly from the quality of each dataset rather than from global statistical corrections. To enable this reconstruction, the historical data foundation has expanded dramatically in recent years. WDC–SILSO digitized the Mittheilungen (1610–1944) between 2017 and 2019, converting Wolf’s original Zürich journals into machine-readable datasets with modern metadata and provenance. As part of FARSuN, the Zürich observation tables for 1945–1979 were digitized from 2023 to 2025, completing the recovery of the full Zürich legacy. In parallel, major community efforts (e.g., Hayakawa, Arlt, Vaquero, Carrasco) have located, transcribed, and published numerous additional early telescopic sunspot records since 2010. Together, these datasets greatly expand the number of overlapping observations and allow independent cross-checks across observers and epochs. This richer observational base strengthens scale-transfer analyses, improves calibration robustness, and provides the foundation for an uncertainty-quantified reconstruction of the long-term sunspot series. These advances make a defensible $S_{N}$ V3.0 possible and ensure that the Sunspot Number remains a reliable reference for solar activity studies.</subfield>
  </datafield>
  <datafield tag="594" ind1=" " ind2=" ">
    <subfield code="a">NO</subfield>
  </datafield>
  <datafield tag="653" ind1="1" ind2=" ">
    <subfield code="a">Sunspot Number</subfield>
  </datafield>
  <datafield tag="653" ind1="1" ind2=" ">
    <subfield code="a">SN V3.0</subfield>
  </datafield>
  <datafield tag="653" ind1="1" ind2=" ">
    <subfield code="a">Solar activity reconstruction</subfield>
  </datafield>
  <datafield tag="653" ind1="1" ind2=" ">
    <subfield code="a">FARSuN</subfield>
  </datafield>
  <datafield tag="653" ind1="1" ind2=" ">
    <subfield code="a">Historical sunspot observations</subfield>
  </datafield>
  <datafield tag="653" ind1="1" ind2=" ">
    <subfield code="a">Mittheilungen</subfield>
  </datafield>
  <datafield tag="653" ind1="1" ind2=" ">
    <subfield code="a">Zürich tables</subfield>
  </datafield>
  <datafield tag="653" ind1="1" ind2=" ">
    <subfield code="a">Gruithuisen manuscripts</subfield>
  </datafield>
  <datafield tag="653" ind1="1" ind2=" ">
    <subfield code="a">Adams sunspot drawings</subfield>
  </datafield>
  <datafield tag="653" ind1="1" ind2=" ">
    <subfield code="a">Solar cycle calibration</subfield>
  </datafield>
  <datafield tag="653" ind1="1" ind2=" ">
    <subfield code="a">Observer bias</subfield>
  </datafield>
  <datafield tag="653" ind1="1" ind2=" ">
    <subfield code="a">Scale transfer</subfield>
  </datafield>
  <datafield tag="653" ind1="1" ind2=" ">
    <subfield code="a">Uncertainty quantification</subfield>
  </datafield>
  <datafield tag="653" ind1="1" ind2=" ">
    <subfield code="a">Space climate</subfield>
  </datafield>
  <datafield tag="653" ind1="1" ind2=" ">
    <subfield code="a">Solar-terrestrial relations</subfield>
  </datafield>
  <datafield tag="700" ind1=" " ind2=" ">
    <subfield code="a">Lefèvre, Laure</subfield>
  </datafield>
  <datafield tag="700" ind1=" " ind2=" ">
    <subfield code="a">Mampaey, Benjamin</subfield>
  </datafield>
  <datafield tag="700" ind1=" " ind2=" ">
    <subfield code="a">Valliappan, Senthamizh Pavai</subfield>
  </datafield>
  <datafield tag="700" ind1=" " ind2=" ">
    <subfield code="a">Hayakawa, Hisashi</subfield>
  </datafield>
  <datafield tag="700" ind1=" " ind2=" ">
    <subfield code="a">Ritter, Christian</subfield>
  </datafield>
  <datafield tag="773" ind1=" " ind2=" ">
    <subfield code="t">AGU Fall Meeting 2025, New Orleans, USA</subfield>
  </datafield>
  <datafield tag="856" ind1="0" ind2=" ">
    <subfield code="f">chandrashekhar.kalugodu@ksb-orb.be</subfield>
  </datafield>
  <datafield tag="856" ind1="4" ind2=" ">
    <subfield code="s">24466041</subfield>
    <subfield code="u">http://publi2-as.oma.be/record/8040/files/agu-poster-data-extraction.pdf</subfield>
  </datafield>
  <datafield tag="856" ind1="4" ind2=" ">
    <subfield code="s">14262</subfield>
    <subfield code="u">http://publi2-as.oma.be/record/8040/files/agu-poster-data-extraction.jpg?subformat=icon-180</subfield>
    <subfield code="x">icon-180</subfield>
  </datafield>
  <datafield tag="856" ind1="4" ind2=" ">
    <subfield code="s">17005</subfield>
    <subfield code="u">http://publi2-as.oma.be/record/8040/files/agu-poster-data-extraction.gif?subformat=icon</subfield>
    <subfield code="x">icon</subfield>
  </datafield>
  <datafield tag="980" ind1=" " ind2=" ">
    <subfield code="a">CPOSTER</subfield>
  </datafield>
</record>
</collection>